000 00846 a2200217 4500
003 NUST
005 20221025131701.0
010 _a 99010803
020 _a084939001X (alk. paper)
040 _cNust
082 0 0 _a006.66,MAR
100 1 _aMarchand, Patrick.
_9101347
245 1 0 _aGraphics and GUIs with MATLAB /
_cPatrick Marchand.
250 _a2nd ed.
260 _aBoca Raton, Fla. :
_bCRC Press,
_c1999.
300 _a445 p. :
_bill. (some col.) ;
_c25 cm.
505 _aIntroduction (Page-1), Common Plotting Techniques (Page-15), Handle Graphics (Page-99), Matlab’s World of Color and Light (Page-189), Animation (Page-233), Graphical User Interfaces (Page-253), Generating Output (Page-353).
650 0 _aComputer graphics.
_91225
650 0 _aGraphical user interfaces (Computer systems)
_999710
942 _2ddc
_cBK
_k006.6,MAR
999 _c180083
_d180083